Catàleg del Col·legi de Periodistes de Catalunya

Propaganda digital : (Registre núm. 7657)

000 -CABECERA
Longitud fija campo de control 01320nam a22003974i 4500
001 - NÚMERO DE CONTROL
Número de control 991002845179706706
003 - IDENTIFICADOR DEL NÚMERO DE CONTROL
Identificador del número de control OSt
005 - FECHA Y HORA DE LA ÚLTIMA TRANSACCIÓN
Fecha y hora de la última transacción 20230322122737.0
008 - CÓDIGOS DE INFORMACIÓN DE LONGITUD FIJA
Códigos de información de longitud fija 200708e202102 spc||||| |||||0|| 0 spa|c
015 ## - NÚMERO DE BIBLIOGRAFÍA NACIONAL
Número de bibliografía nacional LL2021
Fuente bnc
017 ## - NÚMERO DE COPYRIGHT O DE DEPÓSITO LEGAL
Número de copyright o de depósito legal DL B 1616-2021
Agencia que asigna el número Biblioteca de Catalunya
020 ## - NÚMERO INTERNACIONAL NORMALIZADO PARA LIBROS
Número Internacional Normalizado para Libros (ISBN) 9788491807926
035 ## - NÚMERO DE CONTROL DEL SISTEMA
Número de control del sistema (ES-BaCBU).b75114872
035 ## - NÚMERO DE CONTROL DEL SISTEMA
Número de control del sistema (OCoLC)1251787883
040 ## - FUENTE DE LA CATALOGACIÓN
Centro catalogador de origen ES-BaUAB
Lengua de catalogación cat
Normas de descripción rda
Centro transcriptor CDMR
080 ## - NÚMERO DE LA CLASIFICACIÓN DECIMAL UNIVERSAL
Número de la Clasificación Decimal Universal 070.16
Identificador de la edición 2004
080 ## - NÚMERO DE LA CLASIFICACIÓN DECIMAL UNIVERSAL
Número de la Clasificación Decimal Universal 32.019.5
Identificador de la edición 2004
080 ## - NÚMERO DE LA CLASIFICACIÓN DECIMAL UNIVERSAL
Número de la Clasificación Decimal Universal 659.3
Identificador de la edición 2004
080 ## - NÚMERO DE LA CLASIFICACIÓN DECIMAL UNIVERSAL
Número de la Clasificación Decimal Universal 659.3:621.39.037.37
Identificador de la edición 2004
100 1# - PUNTO DE ACCESO PRINCIPAL-NOMBRE DE PERSONA
Nombre de persona Rodríguez Fernández, Leticia,
245 10 - MENCIÓN DE TÍTULO
Título Propaganda digital :
Resto del título comunicación en tiempos de desinformación /
Mención de responsabilidad, etc. Leticia Rodríguez Fernández
264 #1 - PRODUCCIÓN, PUBLICACIÓN , DISTRIBUCIÓN, FABRICACIÓN Y COPYRIGHT
Lugar de producción, publicación, distribución, fabricación Barcelona :
Nombre del productor, editor, distribuidor, fabricante UOC,
Fecha de de producción, publicación, distribución, fabricación o copyright 2021
300 ## - DESCRIPCIÓN FÍSICA
Extensión 189 pàgines ;
Dimensiones 21 cm
490 1# - MENCIÓN DE SERIE
Mención de serie Manuales ;
Designación de volumen o secuencia 688.
Mención de serie Comunicación
650 #7 - PUNTO DE ACCESO ADICIONAL DE MATERIA - TÉRMINO DE MATERIA
Término de materia o nombre geográfico como elemento inicial Desinformació
Fuente del encabezamiento o término lemac
650 #7 - PUNTO DE ACCESO ADICIONAL DE MATERIA - TÉRMINO DE MATERIA
Término de materia o nombre geográfico como elemento inicial Propaganda
Fuente del encabezamiento o término lemac
650 #7 - PUNTO DE ACCESO ADICIONAL DE MATERIA - TÉRMINO DE MATERIA
Término de materia o nombre geográfico como elemento inicial Mitjans de comunicació digitals
Fuente del encabezamiento o término lemac
650 #7 - PUNTO DE ACCESO ADICIONAL DE MATERIA - TÉRMINO DE MATERIA
Término de materia o nombre geográfico como elemento inicial Fake news
Fuente del encabezamiento o término lemac
650 #0 - PUNTO DE ACCESO ADICIONAL DE MATERIA - TÉRMINO DE MATERIA
Término de materia o nombre geográfico como elemento inicial Alfabetització mediàtica
9 (RLIN) 4787
830 #0 - PUNTO DE ACCESO ADICIONAL DE SERIE - TÍTULO UNIFORME
Título uniforme Manuales (Editorial UOC) ;
Designación de volumen o secuencia 688
830 #0 - PUNTO DE ACCESO ADICIONAL DE SERIE - TÍTULO UNIFORME
Título uniforme Manuales (Editorial UOC).
Nombre de parte o sección de la obra Comunicación
907 ## - ELEMENTO G DATOS LOCALES, GDL (RLIN)
a .b75114872
b 21-06-21
c 10-03-21
d 08-07-20
e m
f a
g -
h spa
i spc
j 0
k 0
908 ## - CONTROL DE PARÁMETROS (RLIN)
Parametro de comando lanzado UAB
-- UB
-- UOC
-- BC
-- UPF
-- URV
-- GCDSO
940 ## -
T&íacute;tulo uniforme <a href="UAB">UAB</a>
942 ## - ENTRADA DE ELEMENTOS AGREGADOS (KOHA)
Fuente de clasificaión o esquema
Koha [por defecto] tipo de item Monografies
Fons
Suprimido Perdido Estropeado No para pr&eacute;stamo Localizaci&oacute;n permanente Localizaci&oacute;n actual Fecha adquisici&oacute;n Fuente de adquisici&oacute;n Coste, precio normal de compra Pr&eacute;stamos totales Renovaciones totales Signatura completa C&oacute;digo de barras Fecha &uacute;ltima consulta Fecha &uacute;ltimo pr&eacute;stamo Fecha del precio de reemplazo Tipo de item de Koha
        Centre de Documentació Montserrat Roig Centre de Documentació Montserrat Roig 2023-03-22 Donació 21.00 2 2 Ck 3/38 CDMR22070003 2024-05-29 2024-04-15 2023-03-22 Monografies

Implantat amb Koha